[Event "Pfalz-ch HT4 86th"]
[Site "Wolfstein"]
[Date "2017.04.14"]
[Round "6"]
[White "Friedrichs, Torsten"]
[Black "Eisenhauer, Erik"]
[Result "0-1"]
[WhiteElo "1393"]
[BlackElo "1839"]
[PlyCount "90"]
[EventDate "2017.04.07"]
[EventType "swiss"]
[EventRounds "7"]
[EventCountry "GER"]
[SourceTitle "EXT 2018"]
[Source "ChessBase"]
[SourceDate "2017.10.13"]
[SourceVersion "1"]
[SourceVersionDate "2017.10.13"]
[SourceQuality "1"]

1. d4 Nf6 2. c4 g6 3. Nc3 Bg7 4. e4 d6 5. f4 0-0 6. Nf3 Nbd7 7. Bd3 c5 8. dxc5 Nxc5 9. Bc2 Be6 10. Qe2 Rc8 11. f5 Bd7 12. 0-0 Bc6 13. b4 Ncxe4 14. Bb2 Nxc3 15. Bxc3 Bd7 16. Nh4 e6 17. g4 Ne8 18. Bxg7 Kxg7 19. Ng2 Qb6+ 20. Ne3 Qd8 21. fxg6 hxg6 22. Be4 Bc6 23. Bd3 b6 24. Qb2+ Kh7 25. a4 Qg5 26. Qf2 f5 27. h4 Qf6 28. b5 Be4 29. g5 Qd4 30. Bxe4 Qxe4 31. Rae1 Ng7 32. Nd5 Qg4+ 33. Kh2 exd5 34. Re7 Rfe8 35. Rfe1 Rxe7 36. Rxe7 Re8 37. Rxe8 Nxe8 38. Qe1 Qf4+ 39. Kh3 Qf3+ 40. Kh2 Qe4 41. Qd1 Qxh4+ 42. Kg2 Qxg5+ 43. Kf2 Qf4+ 44. Ke1 Qh4+ 45. Kd2 Qd4+ 0-1